Central Library OPAC University of Rajshahi

ওমর খৈয়মের রুবাইয়াত : (Record no. 39745)

MARC details
000 -LEADER
fixed length control field 01280nam a2200253 a 4500
001 - CONTROL NUMBER
control field 39745
003 - CONTROL NUMBER IDENTIFIER
rucl marc code BD-RjUL
005 - DATE AND TIME OF LATEST TRANSACTION
control field 20211209053042.0
008 - FIXED-LENGTH DATA ELEMENTS--GENERAL INFORMATION
fixed length control field 160417s2015 bg ||||| |||| 00| 0 ben d
020 ## - INTERNATIONAL STANDARD BOOK NUMBER
International Standard Book Number 9789843382771
Terms of availability : TK 225.00
035 ## - SYSTEM CONTROL NUMBER
System control number (BD-RjUL) 39858
040 ## - CATALOGING SOURCE
Original cataloging agency BD-RjUL
Language of cataloging ben
Transcribing agency BD-RjUL
041 ## - LANGUAGE CODE
Language code of text/sound track or separate title ben
082 ## - DEWEY DECIMAL CLASSIFICATION NUMBER
Edition number 23
Classification number 891.5511
Author mark and year BAO 2015
100 ## - MAIN ENTRY--PERSONAL NAME
Personal name বাকী, গাজী আবদুল্লাহেল
9 (RLIN) 122414
245 10 - TITLE STATEMENT
Title ওমর খৈয়মের রুবাইয়াত :
Remainder of title সুফি কাব্যঐতিহ্যের অবিচ্ছেদ্য অংশ /
Statement of responsibility, etc. গাজী আবদুল্লাহেল বাকী ; শরীফ আতিক-উজ-জামান অনুবাদ
260 ## - PUBLICATION, DISTRIBUTION, ETC. (IMPRINT)
Place of publication, distribution, etc. খুলনা :
Name of publisher, distributor, etc. নাহার পাবলিকেশনস,
Date of publication, distribution, etc. ২০১৫
300 ## - PHYSICAL DESCRIPTION
Pagination ১৯১ পৃ. ;
Size ২২ সেমি.
505 ## - FORMATTED CONTENTS NOTE
Formatted contents note তথ্যপঞ্জি ও গ্রন্থপঞ্জি সম্বলিত
600 ## - SUBJECT ADDED ENTRY--PERSONAL NAME
Personal name ওমার খৈয়াম
General subdivision ফারসি সাহিত্য
Personal name Omar khayyam
General subdivision Farsi literature
700 ## - ADDED ENTRY--PERSONAL NAME
Personal name আতিক-উজ-জামান,শরীফ অনুবাদ
942 ## - ADDED ENTRY ELEMENTS (KOHA)
Source of classification or shelving scheme Dewey Decimal Classification
Koha item type Books
Holdings
Lost status Source of classification or shelving scheme Damaged status Not for loan Collection code Permanent Location Current Location Shelving location Date acquired Source of acquisition Cost, normal purchase price Total Checkouts Full call number Date last seen Copy number Koha item type Total Renewals Date checked out
  Dewey Decimal Classification   Not For Loan Non-fiction Central Library, University of Rajshahi Central Library, University of Rajshahi Reading Room   khulna: Nahar publication 225.00   B 891.5511 BAO 2015 17/04/2016 C-1 Books    
  Dewey Decimal Classification     Non-fiction Central Library, University of Rajshahi Central Library, University of Rajshahi   02/06/2015 khulna : Nahar publication 225.00 12 B 891.5511 BAO 2015 13/03/2024 C-2 Books   03/03/2024
  Dewey Decimal Classification     Non-fiction Central Library, University of Rajshahi Central Library, University of Rajshahi   02/06/2015 khulna : Nahar publication 225.00   B 891.5511 BAO 2015 17/04/2016 C-3 Books